| 000 | 00638nam a22001937a 4500 | ||
|---|---|---|---|
| 003 | OSt | ||
| 005 | 20241127105632.0 | ||
| 008 | 241122b |||||||| |||| 00| 0 spa d | ||
| 020 | _a9789589266618 | ||
| 037 | _bDonación | ||
| 040 |
_aCO-JMCR _bspa _cCO-JMCR _dCO-JMCR _erda |
||
| 041 | 0 | _aspa | |
| 082 | 0 | 4 |
_a343.034 _bC74c _223 |
| 110 | 2 |
_aColombia. _bMinisterio de Hacienda y Crédito Público. _97620 |
|
| 245 | 1 | 0 |
_aConceptos jurídicos presupuestales / _cMinisterio de Hacienda y Crédito Público. |
| 260 |
_aBogotá : _bMinisterio de Haciendo y Crédito Público, _c2011. |
||
| 300 |
_a283 páginas ; _c24 cm. |
||
| 942 |
_2ddc _cBK |
||
| 999 |
_c30876 _d17260 |
||